000 00437nam a22001817a 4500
008 240215b |||||||| |||| 00| 0 eng d
020 _a9788176370530
040 _a30
082 _a612.5 BAB
100 _aBABU , S. SURESH
110 _bAYURVEDA
245 _aTHE PRINCIPLES AND PRACTICE OF KAYA CIKITSA VO-1
250 _a1 ST
260 _aVARANASI
_bCHAUKHMABA
_c2023
300 _a264
650 _aKAYACHIKSTA
942 _c01
999 _c58264
_d58264